000 00249nam a2200097Ia 4500
008 230508s2004 xx 000 0 und d
041 _aeng
100 _aCNOGATE,ZADBUKE,WAYKOLE,SHINDE
245 _aNETWORK & LINES
260 _bNIRALI PUBLI.PUNE
_c2004
999 _c718242
_d718242